Most Streamed Albums - Extreme - Statistics

General Stats
  • This quiz has been taken 102 times
    51 since last reset
  • The average score is 25 of 189
Answer Stats
# Artist Answer % Correct
65 Maroon 5 V
52%
5 The Weeknd After Hours
48%
2 The Weeknd Starboy
48%
37 Taylor Swift 1989
42%
141 Taylor Swift 1989 (Taylor's Version)
42%
18 Drake Scorpion
42%
11 Taylor Swift Lover
39%
21 Drake Views
39%
25 Travis Scott ASTROWORLD
36%
62 Kanye West Graduation
36%
20 Taylor Swift Midnights
36%
1 Bad Bunny UN VERANO SIN TI
36%
46 Rihanna Anti
33%
27 Taylor Swift Folklore
33%
52 Drake More Life
33%
94 Taylor Swift Red (Taylor's Version)
33%
33 Taylor Swift Reputation
33%
58 Taylor Swift The Tortured Poets Department
33%
106 Travis Scott UTOPIA
33%
32 Kendrick Lamar DAMN.
30%
162 Taylor Swift Fearless (Taylor's Version)
30%
154 Olivia Rodrigo Guts
30%
6 Post Malone Hollywood's Bleeding
30%
4 Olivia Rodrigo SOUR
30%
105 Drake Take Care
30%
120 Michael Jackson Thriller
30%
12 Billie Eilish WHEN WE ALL FALL ASLEEP, WHERE DO WE GO?
30%
95 Drake Certified Lover Boy
27%
114 Taylor Swift Evermore
27%
7 Dua Lipa Future Nostalgia
27%
86 Rihanna Good Girl Gone Bad
27%
168 Kanye West My Beautiful Dark Twisted Fantasy
27%
188 Drake Nothing Was The Same
27%
9 SZA SOS / LANA
27%
40 Ariana Grande Thank U, Next
27%
117 Kanye West The Life Of Pablo
27%
14 Arctic Monkeys AM
24%
10 Post Malone beerbongs & bentleys
24%
96 Travis Scott Birds In The Trap Sing McKnight
24%
81 Morgan Wallen Dangerous: The Double Album
24%
54 Ariana Grande Dangerous Woman
24%
8 Dua Lipa Dua Lipa
24%
84 Kendrick Lamar Good Kid, m.A.A.d City
24%
88 Sabrina Carpenter Short N' Sweet
24%
43 Eminem The Eminem Show
24%
136 Eminem The Marshall Mathers LP
24%
22 The Weeknd Beauty Behind The Madness
21%
138 The Weeknd Dawn FM
21%
125 Coldplay Parachutes
21%
16 Justin Bieber Purpose
21%
145 Eminem Recovery
21%
49 Lady Gaga The Fame / The Fame Monster
21%
29 XXXTENTACION 17
18%
132 Dr. Dre 2001
18%
73 Bruno Mars 24k Magic
18%
34 Lana Del Ray Born To Die
18%
133 SZA Ctrl
18%
17 Billie Eilish Don't Smile At Me
18%
26 Bruno Mars Doo-Wops & Hooligans
18%
75 Billie Eilish Happier Than Ever
18%
35 Justin Bieber Justice
18%
170 Rihanna Loud
18%
101 Ariana Grande Positions
18%
174 Katy Perry Prism
18%
30 Post Malone Stoney
18%
42 Katy Perry Teenage Dream
18%
44 Adele 21
15%
151 David Guetta 7
15%
80 Lady Gaga A Star Is Born
15%
127 Jonas Blue Blue
15%
85 Billie Eilish HIT ME HARD AND SOFT
15%
129 Ariana Grande Sweetener
15%
56 Bruno Mars Unorthodox Jukebox
15%
63 Frank Ocean Blonde
12%
113 50 Cent Get Rich Or Die Tryin'
12%
23 Juice WRLD Goodbye & Good Riddance
12%
171 Doja Cat Hot Pink
12%
198 Beyonce I Am... Sasha Fierce
12%
156 Cardi B Invasion Of Privacy
12%
69 Lil Uzi Vert Luv Is Rage 2
12%
55 Ariana Grande My Everything
12%
39 Doja Cat Planet Her
12%
146 Rihanna Unapologetic
12%
53 Adele 25
9%
61 Bad Bunny El Ultimo Tour Del Mundo
9%
177 Benson Boone Fireworks & Rollerblades
9%
100 One Direction Four
9%
160 Harry Styles Harry Styles
9%
180 Tyler, The Creator IGOR
9%
31 Sam Smith In The Lonely Hour
9%
64 Juice WRLD Legends Never Die
9%
142 Halsey Manic
9%
122 One Direction Midnight Memories
9%
92 Lil Nas X Montero
9%
176 The Weeknd My Dear Melancholy,
9%
140 Bad Bunny Nadie Sabe Lo Que Va A Pasar Manana
9%
68 Morgan Wallen One Thing At A Time
9%
91 Maroon 5 Overexposed
9%
194 Lana Del Ray Ultraviolence
9%
83 Bad Bunny X 100pre
9%
72 J. Cole 2014 Forest Hills Drive
6%
74 Khalid American Teen
6%
186 Coldplay A Rush Of Blood To The Head
6%
187 AC/DC Back In Black
6%
150 Red Hot Chili Peppers Californication
6%
128 Frank Ocean channel ORANGE
6%
161 Cigarettes After Sex Cigarettes After Sex
6%
77 Juice WRLD Death Race For Love
6%
164 Tiesto Drive
6%
24 Harry Styles Fine Line
6%
183 Tyler, The Creator Flower Boy
6%
134 JungKook Golden
6%
87 Metro Boomin' Heroes & Villains
6%
189 The Killers Hot Fuss
6%
60 Hozier Hozier
6%
71 Linkin Park Hybrid Theory
6%
121 The Neighbourhood I Love You.
6%
98 Sam Smith Love Goes
6%
158 Metallica Metallica
6%
110 Linkin Park Meteora
6%
124 Calvin Harris Motion
6%
131 David Guetta Nothing But The Beat
6%
93 Maroon 5 Red Pill Blues
6%
82 Fleetwood Mac Rumours
6%
50 Shawn Mendes Shawn Mendes
6%
153 Avicii True
6%
103 Rauw Alejandro Vice Versa
6%
112 Luis Fonsi Vida
6%
107 Clean Bandit What Is Love?
6%
19 Bad Bunny YHLQMDLG
6%
115 Calvin Harris 18 Months
3%
152 Coldplay A Head Full Of Dreams
3%
126 Guns N' Roses Appetite For Destruction
3%
167 Amy Winehouse Back To Black
3%
48 Twenty One Pilots Blurryface
3%
143 Michael Buble Christmas
3%
179 Kygo Cloud Nine
3%
89 The Chainsmokers Collage
3%
108 Melanie Martinez Cry Baby
3%
157 Tame Impala Currents
3%
28 Lewis Capaldi Divinely Uninspired To A Hellish Extent
3%
182 Glass Animals Dreamland
3%
36 Imagine Dragons Evolve
3%
178 Arctic Monkeys Favourite Worst Nightmare
3%
200 Daniel Caesar Freudian
3%
102 Peso Pluma Genesis
3%
144 Shawn Mendes Handwritten
3%
38 Harry Styles Harry's House
3%
51 Shawn Mendes Illuminate
3%
181 Shakira Las Mujeres Ya No Lloran
3%
116 One Direction Made In The A.M.
3%
59 Karol G Manana Sera Bonito
3%
130 The Chainsmokers Memories... Do Not Open
3%
111 Imagine Dragons Mercury - Acts 1 & 2
3%
199 Justin Bieber My Worlds
3%
70 Nirvana Nevermind
3%
47 Imagine Dragons Night Visions
3%
66 Charlie Puth Nine Track Mind
3%
79 Ed Sheeran No.6 Collaborations Project
3%
184 Ozuna Odisea
3%
172 Lorde Pure Heroine
3%
41 Pop Smoke Shoot For The Stars, Aim For The Moon
3%
78 Zara Larsson So Good
3%
90 Anne-Marie Speak Your Mind
3%
123 Macklemore & Ryan Lewis The Heist
3%
67 Sia This Is Acting
3%
185 System Of A Down Toxicity
3%
165 Bryson Tiller Trapsoul
3%
163 Oasis (What's The Story) Morning Glory?
3%
119 James Arthur Back From The Edge
0%
192 Camila Cabello Camila
0%
193 Ellie Goulding Delirium
0%
99 Alan Walker Different World
0%
166 Vance Joy Dream Your Life Away
0%
173 Grupo Frontera El Comienzo
0%
197 Romeo Santos Formula, Vol. 2
0%
159 Khalid Free Spirit
0%
196 Benny Blanco Friends Keep Secrets
0%
45 The Kid LAROI Fuck Love
0%
139 Ava Max Heaven & Hell
0%
148 Paulo Londra Homerun
0%
118 Karol G KG0516
0%
191 J Balvin & Bad Bunny Oasis
0%
169 Major Lazer Peace is The Mission
0%
109 Camila Cabello Romance
0%
195 Zedd Stay +
0%
147 Noah Kahan Stick Season
0%
149 Avicii Stories
0%
137 Luke Combs This One's For You
0%
No matching quizzes found
Score Distribution
Percent of People with Each Score
Percentile by Number Answered
Your Score History
You have not taken this quiz since the last reset